00880nam a2200217Ia 4500008004100000020001500041082001600056100001200072245006900084250000800153260002700161300001200188500002400200650001500224700006000239942000700299952012900306952010500435952010500540999001700645230524s9999 xx 000 0 und d a8174463151 a658.12bRAO aT V Rao 0a360 Degree Feedback and Performance Management System : Volume 2 a2ND aNEW DELHIbExcelc2008 aVII;258 aQuantity Number: 3 aManagement a" Raju Rao, Gopal Mahapatra,Nandini Chawla (Editors),," cBK 00104070aTATCLbTATCLcGENd2023-05-24l1o658.12 RAOp36161q2015-09-25r2024-02-02s2024-02-02w2023-05-24yBKzMBA305A 00104070aTATCLbTATCLcGENd2023-05-24l0o658.12 RAOp36838r2023-05-24w2023-05-24yBKzMBA305A 00104070aTATCLbTATCLcGENd2023-05-24l0o658.12 RAOp36839r2023-05-24w2023-05-24yBKzMBA305A c45988d45988